Coolie woman : (Record no. 95076)
[ view plain ]
| 000 -LEADER | |
|---|---|
| fixed length control field | 01150nam a22002417a 4500 |
| 005 - DATE AND TIME OF LATEST TRANSACTION | |
| control field | 20150813114022.0 |
| 010 ## - LCCN (DPL NO) | |
| LC control number | ENG-113548 |
| 020 ## - INTERNATIONAL STANDARD BOOK NUMBER | |
| Terms of availability | 599.00 |
| International Standard Book Number | 9789350096352 |
| 035 ## - SYSTEM CONTROL NUMBER | |
| System control number | EN- 97080 |
| 037 ## - SOURCE OF ACQUISITION | |
| Source of stock number/acquisition | DBAD/PUB |
| 082 ## - DEWEY DECIMAL CLASSIFICATION NUMBER | |
| Classification number | 331.4117 |
| 100 ## - MAIN ENTRY--PERSONAL NAME | |
| Personal name | Bahadur, Gaiutra |
| 245 ## - TITLE STATEMENT | |
| Title | Coolie woman : |
| Statement of responsibility, etc | by Gaiutra Bahadur |
| Remainder of title | the odyssey of indenture / |
| 260 ## - PUBLICATION, DISTRIBUTION, ETC. (IMPRINT) | |
| Place of publication, distribution, etc | Gurgaon |
| Name of publisher, distributor, etc | Hachette Book Publishing |
| Date of publication, distribution, etc | 2013 |
| 270 ## - ADDRESS | |
| Address | 4th & 5th Floors, Corporate Center, Plot No. 94, Sector 44 |
| City | Gurgaon |
| Postal code | 122003 |
| 300 ## - PHYSICAL DESCRIPTION | |
| Extent | xxi,274p. : |
| Dimensions | 23cm(Hb) |
| Other physical details | ill.,map |
| 500 ## - GENERAL NOTE | |
| General note | Includes bibliographical references (pages 255-263) and index. |
| 505 ## - FORMATTED CONTENTS NOTE | |
| Formatted contents note | The magician’s box -- Ancestral memory -- The women’s quarters -- Into dark waters -- Her middle passage -- A new world -- Beautiful woman without a nose -- Gone but not forgotten -- The dream of return -- Every ancestor -- Surviving history. |
| 650 ## - SUBJECT ADDED ENTRY--TOPICAL TERM | |
| Topical term or geographic name as entry element | Indentured servants |
| Geographic subdivision | Guyana |
| General subdivision | History |
| Chronological subdivision | 20th century. |
| 650 ## - SUBJECT ADDED ENTRY--TOPICAL TERM | |
| Topical term or geographic name as entry element | Women slaves |
| Geographic subdivision | Guyana |
| General subdivision | History |
| Chronological subdivision | 20th century. |
| 650 ## - SUBJECT ADDED ENTRY--TOPICAL TERM | |
| Topical term or geographic name as entry element | Women, East Indian |
| Geographic subdivision | Guyana |
| General subdivision | Social conditions |
| Chronological subdivision | 20th century. |
| 942 ## - ADDED ENTRY ELEMENTS (KOHA) | |
| Source of classification or shelving scheme | Dewey Decimal Classification |
| Item type | English Books |
| Call number suffix | BAH |
| Classification part | 331.4117 |
| Withdrawn status | Lost status | Not for loan | Collection code | Home library | Current library | Date acquired | Source of acquisition | Cost, normal purchase price | Full call number | Barcode | Copy number | Cost, replacement price | Koha item type |
|---|---|---|---|---|---|---|---|---|---|---|---|---|---|
| Not For Loan | Non-fiction | D.B.Act.Division | D.B.Act.Division | 20/07/2015 | DBAD/PUB | 599.00 | 331.4117 BAH | EN-97080 | 1 | 599.00 | English Books |
